00326nam a2200121Ia 4500008004100000041000800041082001500049100001700064245004100081260004100122300003000163365001100193240624s9999 xx 000 0 und d aeng a658.45 KUM aKUMAR VIJAYA aSTUDENTS COMPANION A PRACTICAL GUIDE c2006aNew DelhibSterling Paperbacks aiv, : 234 : p. : cm. ; 21 cRSb30